|
|
|
|
| LEADER |
00000cam a2200000 7i4500 |
| 001 |
0000000470 |
| 005 |
20220105103911.0 |
| 008 |
070702 |
| 020 |
|
|
|a 9831487419
|
| 090 |
0 |
0 |
|a JP
|b MAL (760)
|
| 245 |
1 |
0 |
|a Kisah tiga hajat
|
| 260 |
|
|
|a Kuala Lumpur :
|b Kohwai & Young Publications ,
|c 2002
|
| 440 |
|
|
|a Siri bacaan mudah dan ringan
|
| 500 |
|
|
|a Children age 4-6 years old (yellow)
|
| 650 |
|
0 |
|a Junior preschool
|x Malay
|x Languages
|
| 999 |
|
|
|a 0000000932
|b Book
|c Children Collection
|e Cawangan Taman Universiti
|
| 999 |
|
|
|a 0000955582
|b Book
|c Children Collection
|e Perbadanan Perpustakaan Awam Johor
|
| 999 |
|
|
|a 0000955583
|b Book
|c Children Collection
|e Perbadanan Perpustakaan Awam Johor
|
| 999 |
|
|
|a 0000955584
|b Book
|c Children Collection
|e Perbadanan Perpustakaan Awam Johor
|
| 999 |
|
|
|a 0000955585
|b Book
|c Children Collection
|e Perbadanan Perpustakaan Awam Johor
|
| 999 |
|
|
|a 0000955586
|b Book
|c Children Collection
|e Perbadanan Perpustakaan Awam Johor
|
| 999 |
|
|
|a 0001048711
|b Book
|c Children Collection
|e Cawangan Pontian
|